AH International Schools' Libraries

Animal at ricefield (KHMER) / (Record no. 49200)

MARC details
000 -LEADER
fixed length control field 00292nam a2200109 4500
020 ## - INTERNATIONAL STANDARD BOOK NUMBER
International Standard Book Number 9789924518075
100 ## - MAIN ENTRY--PERSONAL NAME
Personal name Try, Somphous
9 (RLIN) 86490
245 ## - TITLE STATEMENT
Title Animal at ricefield (KHMER) /
Statement of responsibility, etc Somphous Try
260 ## - PUBLICATION, DISTRIBUTION, ETC. (IMPRINT)
Place of publication, distribution, etc Cambodia
Name of publisher, distributor, etc Comics Art
Date of publication, distribution, etc 2017
300 ## - PHYSICAL DESCRIPTION
Extent 13 p.
Other physical details col. ill.
Dimensions 17 cm.
942 ## - ADDED ENTRY ELEMENTS (KOHA)
Source of classification or shelving scheme
Koha item type Book
Holdings
Withdrawn status Lost status Source of classification or shelving scheme Damaged status Not for loan Collection code Home library Current library Shelving location Date acquired Total Checkouts Full call number Barcode Checked out Date last seen Date checked out Price effective from Koha item type
          Siem Riep Asian Hope Early Years Library Asian Hope Early Years Library Easy Reading 08/08/2025 9 KHMER E TRY 207979 04/28/2026 04/28/2026 04/28/2026 08/08/2025 Book

For any Logos Library related questions please contact Miss Art at swongnarasuk@asianhope.org.

For any Asian Hope Library related questions please contact Miss Raza at graza@asianhope.org.

Powered by Koha